01132nam a2200313 i 450000500170000000700030001700800410002002000150006104000350007604100080011108400110011910000410013024501220017125000220029326400270031530000580034233600270040033700330042733800280046050500760048865000390056465000410060365000260064465000250067070000440069570000490073994200150078899900150080320220317000210.0ta141031s2000 sp a gr 000 j spa d a8495212528 aCO-BoRNBPbspacCO-BoRNBPerda0 aspa aC MAU11 aMaupassant, Guy ded1850-1893eautor13aEl miedo y otros relatoscGuy de Maupassant ; ilustrado por Armando Salas Cánovas ; traducción Ana Zapata Navarro aPrimera edición 1aMálagabAljibec2000 a117 páginasbilustraciones en blanco y negroc17 cm atextobtxt2rdacontent asin mediaciónbn2rdamedia avolumenbnc2rdacarrier1 aEl miedo -- El horla -- La mano -- ¿Loco? -- La cabellera -- La muerta17aCuentos francesesySiglo XIX2LEMB17aLiteratura francesaySiglo XIX2LEMB17aTerrorvCuentos2LEMB17aMiedovCuentos2LEMB1 aZapata Navarro, Anaetraductora91746701 aSalas Cánovas, Armandoeilustrador9174671 2loccBKLIT c3378d3378